Bidji semangka emas; (Record no. 77991)

MARC details
000 -LEADER
fixed length control field 00501cam a22001931 4500
001 - CONTROL NUMBER
control field sa 68001488
003 - CONTROL NUMBER IDENTIFIER
control field DLC
005 - DATE AND TIME OF LATEST TRANSACTION
control field 20260227112434.0
008 - FIXED-LENGTH DATA ELEMENTS--GENERAL INFORMATION
fixed length control field 970405s1967 io a 000 1 ind
010 ## - LIBRARY OF CONGRESS CONTROL NUMBER
LC control number sa 68001488
035 ## - SYSTEM CONTROL NUMBER
System control number (OCoLC)36682969
040 ## - CATALOGING SOURCE
Original cataloging agency DLC
Transcribing agency WU
Modifying agency DLC
042 ## - AUTHENTICATION CODE
Authentication code premarc
050 00 - LIBRARY OF CONGRESS CALL NUMBER
Classification number PZ90.I5
Item number D5
100 0# - MAIN ENTRY--PERSONAL NAME
Personal name Djavid.
245 10 - TITLE STATEMENT
Title Bidji semangka emas;
Remainder of title batjaan anak² umur 9-12 tahun.
260 ## - PUBLICATION, DISTRIBUTION, ETC.
Place of publication, distribution, etc. Djakarta,
Name of publisher, distributor, etc. Balai Pustaka,
Date of publication, distribution, etc. 1967.
300 ## - PHYSICAL DESCRIPTION
Extent 92 p.
Other physical details illus.
Dimensions 20 cm.

No items available.

Powered by Koha